000 00509nam a2200193Ia 4500
005 20240626144522.0
008 240126s9999 xx 000 0 und d
020 _a9788131500484
082 _a658.5 GAI;1 R
100 _aGaither, Norman. Frazier, Greg.
245 0 _aOperations management
250 _a9th ed.
260 _bCengage Learning
_aNew Delhi
_c2002
300 _axiv, 811
440 _aNULL
650 _aOperations,management
856 _udigital/contents/42502.pdf
942 _cPU
999 _c273122
_d273122